The econometrics of individual risk : (Record no. 1465)

000 -LEADER
fixed length control field 01582nam a22003977a 4500
001 - CONTROL NUMBER
control field 15349142
003 - CONTROL NUMBER IDENTIFIER
control field OSt
005 - DATE AND TIME OF LATEST TRANSACTION
control field 20210426063758.0
008 - FIXED-LENGTH DATA ELEMENTS--GENERAL INFORMATION
fixed length control field 080630s2007 njua b 001 0 eng d
010 ## - LIBRARY OF CONGRESS CONTROL NUMBER
LC control number 2006933832
020 ## - INTERNATIONAL STANDARD BOOK NUMBER
International Standard Book Number 0691120668
020 ## - INTERNATIONAL STANDARD BOOK NUMBER
International Standard Book Number 9780691120669
035 ## - SYSTEM CONTROL NUMBER
System control number (OCoLC)ocm84838564
040 ## - CATALOGING SOURCE
Original cataloging agency UUM
Transcribing agency UUM
Modifying agency IXA
-- YDXCP
-- BAKER
-- BTCTA
-- NLGGC
-- CDX
-- CE@
-- DLC
042 ## - AUTHENTICATION CODE
Authentication code lccopycat
050 00 - LIBRARY OF CONGRESS CALL NUMBER
Classification number HG8054.5
Item number .G68 2007
080 ## - UNIVERSAL DECIMAL CLASSIFICATION NUMBER
Universal Decimal Classification number 33
Item number G-69
082 04 - DEWEY DECIMAL CLASSIFICATION NUMBER
Classification number 330/.01/5195
Edition number 22
084 ## - OTHER CLASSIFICATION NUMBER
Classification number 83.03
Number source bcl
100 1# - MAIN ENTRY--PERSONAL NAME
Personal name Gourieroux, Christian,
Dates associated with a name 1949-
245 14 - TITLE STATEMENT
Title The econometrics of individual risk :
Remainder of title credit, insurance, and marketing /
Statement of responsibility, etc. Christian Gourieroux, Joann Jasiak.
260 ## - PUBLICATION, DISTRIBUTION, ETC.
Place of publication, distribution, etc. Princeton, N.J. :
Name of publisher, distributor, etc. Princeton University Press,
Date of publication, distribution, etc. c2007.
300 ## - PHYSICAL DESCRIPTION
Extent xii, 241 p. :
Other physical details ill. ;
Dimensions 25 cm.
504 ## - BIBLIOGRAPHY, ETC. NOTE
Bibliography, etc. note Includes bibliographical references and index.
650 #0 - SUBJECT ADDED ENTRY--TOPICAL TERM
Topical term or geographic name entry element Risk (Insurance)
650 #0 - SUBJECT ADDED ENTRY--TOPICAL TERM
Topical term or geographic name entry element Banks and banking
General subdivision Risk management.
650 #0 - SUBJECT ADDED ENTRY--TOPICAL TERM
Topical term or geographic name entry element Marketing
General subdivision Risk management.
653 ## - INDEX TERM--UNCONTROLLED
Uncontrolled term ეკონომიკა
700 1# - ADDED ENTRY--PERSONAL NAME
Personal name Jasiak, Joann,
Dates associated with a name 1963-
856 42 - ELECTRONIC LOCATION AND ACCESS
Materials specified Contributor biographical information
Uniform Resource Identifier <a href="http://www.loc.gov/catdir/enhancements/fy0835/2006933832-b.html">http://www.loc.gov/catdir/enhancements/fy0835/2006933832-b.html</a>
856 42 - ELECTRONIC LOCATION AND ACCESS
Materials specified Publisher description
Uniform Resource Identifier <a href="http://www.loc.gov/catdir/enhancements/fy0835/2006933832-d.html">http://www.loc.gov/catdir/enhancements/fy0835/2006933832-d.html</a>
856 41 - ELECTRONIC LOCATION AND ACCESS
Materials specified Table of contents only
Uniform Resource Identifier <a href="http://www.loc.gov/catdir/enhancements/fy0835/2006933832-t.html">http://www.loc.gov/catdir/enhancements/fy0835/2006933832-t.html</a>
906 ## - LOCAL DATA ELEMENT F, LDF (RLIN)
a 7
b cbc
c copycat
d 2
e ncip
f 20
g y-gencatlg
942 ## - ADDED ENTRY ELEMENTS (KOHA)
Source of classification or shelving scheme
Koha item type Books
Holdings
Withdrawn status Lost status Source of classification or shelving scheme Damaged status Not for loan Permanent location Current location Date acquired Inventory number Total Checkouts Full call number Barcode Date last seen Price effective from Koha item type
          Ken Walker International University Ken Walker International University 02/16/2021 1266   33 G-69 1266 02/16/2021 02/16/2021 Books

Powered by Koha